[Event "Olympiad (under 16)"]
[Site "masterchessopen.com - Kocaeli (Turkey)"]
[Date "2011.10.29"]
[Round "8"]
[White "Koksal Ege (TUR)"]
[Black "Bulduk I"]
[Result "1-0"]
[WhiteElo "1993"]
[BlackElo "1862"]

1.d4 f5 2.c4 g6 3.g3 Nf6 4.Bg2 Bg7 5.Nf3 O-O 6.O-O d6 7.Nc3 c6 8.d5 e5 9.dxe6
Bxe6 10.Bf4 Bxc4 11.Qxd6 Qxd6 12.Bxd6 Re8 13.Rfe1 Nd5 14.Nd2 Nb6 15.e4 fxe4
16.Ndxe4 N8d7 17.Rad1 Nd5 18.Nxd5 Bxd5 19.b3 Re6 20.Bb4 a5 21.Bd2 a4 22.Ng5
Rxe1+ 23.Rxe1 Bxg2 24.Kxg2 axb3 25.axb3 h6 26.Re7 Nc5 27.Nf7 Nxb3 28.Nxh6+ Kh7
29.Bc3 Kxh6 30.Bxg7+ Kg5 31.Re5+ {#r} 1-0

[Event "Tournament (open)"]
[Site "masterchessopen.com - Alta (Norway)"]
[Date "2011.11.11"]
[Round "1"]
[White "Machlik Monika"]
[Black "Mikalsen Erlend"]
[Result "0-1"]
[WhiteElo "1652"]
[BlackElo "2021"]

1.d4 f5 2.c4 Nf6 3.Nc3 d6 4.Nf3 g6 5.g3 Bg7 6.Bg2 O-O 7.O-O c6 8.b3 a5 9.Bb2
Na6 10.e3 Bd7 11.Qe2 Ne4 12.Rfd1 e6 13.Ne1 d5 14.Nd3 Be8 15.Rac1 Nb4 16.Ba3
Nxd3 17.Qxd3 Rf7 18.Na4 b5 19.cxb5 cxb5 20.Nc5 Qb6 21.Rc2 b4 22.Bb2 Bb5 23.Na4
Bxd3 24.Nxb6 Bxc2 25.Rc1 Rb8 26.Na4 Bd3 27.Nc5 Nxc5 28.Rxc5 Ra7 {#R} 0-1

[Event "Tournament (open)"]
[Site "masterchessopen.com - Alta (Norway)"]
[Date "2011.11.12"]
[Round "3"]
[White "Jakobsen Alf Gjoran"]
[Black "Rist Karl-Johan"]
[Result "1-0"]
[WhiteElo "1766"]
[BlackElo "1342"]

1.d4 f5 2.c4 Nf6 3.Nc3 g6 4.g3 Bg7 5.Bg2 d6 6.Nf3 O-O 7.O-O c6 8.b3 a5 9.Bb2
Na6 10.a3 Nc7 11.Qd3 Re8 12.Rad1 Rf8 13.Rfe1 Bd7 14.e4 fxe4 15.Nxe4 Bg4
16.Nxf6+ Bxf6 17.h3 Bf5 18.Qe2 Qe8 19.g4 Be6 20.Nh2 Bh4 21.Nf3 Bf6 22.Bc1 Qd7
23.Ng5 Bf7 24.d5 Bxg5 25.dxc6 bxc6 26.Bxg5 Ne6 27.Bh6 Rfe8 28.Qb2 {#r} 1-0

[Event "It (open)"]
[Site "masterchessopen.com - Vishakapatnam (India)"]
[Date "2011.11.25"]
[Round "3"]
[White "Thejkumar M S (IND)"]
[Black "Babu N Sudhakar (IND)"]
[Result "1-0"]
[WhiteElo "2452"]
[BlackElo "2327"]

1.d4 f5 2.Nf3 Nf6 3.c4 g6 4.g3 Bg7 5.Bg2 d6 6.O-O O-O 7.Nc3 c6 8.d5 e5 9.dxe6
Bxe6 10.Qd3 Na6 11.Ng5 Bc8 12.Rd1 h6 13.Nf3 Be6 14.Qxd6 Qxd6 15.Rxd6 Bxc4
16.Ne5 Bf7 17.Bxh6 Bxh6 18.Rxf6 Rad8 19.Nxf7 Rxf7 20.Rxg6+ Kh7 21.Re6 Rd2
22.Ne4 fxe4 23.Bxe4+ Kg7 24.Rg6+ Kf8 25.Rxh6 Rxe2 26.Bd3 Rexf2 27.Bc4 R7f5
28.Re1 {#r} 1-0

[Event "It \"]
[Site "masterchessopen.com - Santos (Brazil)"]
[Date "2011.11.26"]
[Round "1"]
[White "Coelho Luis (BRA)"]
[Black "Rodriguez Andres (URU)"]
[Result "0-1"]
[WhiteElo "2392"]
[BlackElo "2481"]

1.d4 f5 2.g3 Nf6 3.Bg2 g6 4.Nf3 Bg7 5.c4 O-O 6.Nc3 d6 7.O-O c6 8.Rb1 a5 9.d5
e5 10.dxe6 Bxe6 11.b3 Na6 12.Be3 Qe7 13.Qd2 Nc5 14.Nd4 Bd7 15.Bh6 Nce4 16.Nxe4
Nxe4 17.Bxe4 fxe4 18.Kg2 Bxh6 19.Qxh6 Qe5 20.Qd2 Rae8 21.Nc2 Qe6 22.h4 Qh3+
23.Kg1 Rf6 24.Ne3 Re5 25.Qd4 g5 26.hxg5 Rg6 27.f4 c5 28.Qd2 Qxg3+ 29.Ng2 e3
30.Qe1 Rexg5 {#R} 0-1

[Event "Ch Czech Republic (1 liga) West"]
[Site "masterchessopen.com - Czech Republic"]
[Date "2011.11.27"]
[Round "4"]
[White "Urban Zdeniek (CZE)"]
[Black "Forman Stepan (CZE)"]
[Result "0-1"]
[WhiteElo "2176"]
[BlackElo "2331"]

1.d4 f5 2.c4 Nf6 3.Nc3 g6 4.g3 Bg7 5.Bg2 d6 6.Nf3 c6 7.O-O O-O 8.d5 e5 9.dxe6
Bxe6 10.Qd3 Na6 11.Bf4 Ne4 12.Nxe4 fxe4 13.Qxe4 Nc5 14.Qe3 Bxc4 15.Rfd1 Re8
16.Qa3 Qb6 17.b4 Ne4 18.Be3 Qa6 19.Qxa6 Bxa6 20.Nd4 c5 21.b5 cxd4 22.Bxd4 Bxb5
23.e3 Bc6 24.Rac1 Bxd4 25.Rxd4 d5 26.a4 Re7 27.a5 a6 28.Bxe4 dxe4 29.Rc5 Rf8
30.Rd2 Rf5 31.Rcc2 Rxa5 {#R} 0-1

[Event "Ch Netherlands (team) 2011/12"]
[Site "masterchessopen.com - Netherlands"]
[Date "2011.12.17"]
[Round "4"]
[White "Besseling Michiel (NED)"]
[Black "Klip Hans (NED)"]
[Result "0-1"]
[WhiteElo "2205"]
[BlackElo "2374"]

1.d4 f5 2.c4 Nf6 3.g3 g6 4.Bg2 Bg7 5.Nc3 O-O 6.Nf3 d6 7.O-O c6 8.d5 Bd7 9.Re1
Na6 10.e4 fxe4 11.Nxe4 Nxe4 12.Rxe4 Nc5 13.Re1 e5 14.Be3 e4 15.Nd4 cxd5
16.cxd5 Qf6 17.Rb1 Rae8 18.Bf1 h5 19.Qd2 Nd3 20.Bxd3 exd3 21.Nb3 Qf3 22.Qd1
Rxe3 23.Rxe3 Qxf2+ {#R} 0-1

[Event "Ch Greece (juniors) (under 18)"]
[Site "masterchessopen.com - Nikea (Greece)"]
[Date "2012.01.06"]
[Round "6"]
[White "Hnaras Foivos (GRE)"]
[Black "Papasimakopoulos Alexandros (GRE)"]
[Result "0-1"]
[WhiteElo "1759"]
[BlackElo "1991"]

1.d4 f5 2.c4 Nf6 3.g3 g6 4.Bg2 Bg7 5.Nc3 O-O 6.Nf3 d6 7.O-O c6 8.Qc2 Na6 9.a3
Kh8 10.b3 Qc7 11.Bb2 e5 12.dxe5 dxe5 13.Rad1 Be6 14.e4 Rae8 15.Rfe1 f4 16.b4
Nh5 17.c5 h6 18.Nd2 Qf7 19.Bf3 g5 20.Bxh5 Qxh5 21.f3 g4 22.fxg4 Bxg4 23.Ra1 f3
24.Re3 Qh3 {#R} 0-1

[Event "Czech League 2011/12 (2nd) (f)"]
[Site "masterchessopen.com - Czech Republic"]
[Date "2012.01.22"]
[Round "6"]
[White "Bulawa Marek (CZE)"]
[Black "Cempel Jaroslav (CZE)"]
[Result "0-1"]
[WhiteElo "2033"]
[BlackElo "2211"]

1.c4 f5 2.d4 Nf6 3.Nc3 g6 4.Nf3 Bg7 5.g3 d6 6.Bg2 c6 7.O-O O-O 8.Bg5 Qe8 9.d5
a5 10.Nd4 Bd7 11.Qd2 Ng4 12.h3 Ne5 13.b3 Nf7 14.Be3 Na6 15.Rad1 Nc7 16.Nf3 c5
17.Ng5 Nxg5 18.Bxg5 b5 19.cxb5 Nxb5 20.Nxb5 Bxb5 21.a4 Bd7 22.Bh6 Bxh6 23.Qxh6
Rb8 24.Qe3 Rb4 25.Rd3 Qf7 26.Ra1 Qf6 27.Qc1 Rfb8 28.Rb1 c4 29.Rc3 Bxa4 {#R}
0-1

[Event "It (open) (w)"]
[Site "masterchessopen.com - Moscow (Russia)"]
[Round "4"]
[White "Vlasova Daria (RUS)"]
[Black "Borisova Polina (RUS)"]
[Result "0-1"]
[WhiteElo "1849"]
[BlackElo "1522"]

1.d4 f5 2.c4 g6 3.Nc3 Bg7 4.g3 d6 5.Bg2 Nf6 6.Nf3 c6 7.O-O O-O 8.Qc2 d5 9.Bf4
dxc4 10.Na4 b5 11.Nc5 Nd5 12.Be5 f4 13.Bxg7 Kxg7 14.Ng5 Qd6 15.Qd2 fxg3
16.fxg3 Nf6 17.e4 e5 18.Qb4 Kg8 19.dxe5 Qxe5 20.Nf3 Qe7 21.Na6 Qb7 22.Nxb8
Rxb8 23.e5 Qb6+ 24.Kh1 Ng4 25.Qd2 Be6 26.Rae1 Rbd8 27.Qe2 c3 28.b3 Bf5 29.Rd1
Rxd1 30.Qxd1 Nf2+ 31.Rxf2 Qxf2 32.Ne1 Be4 {#R} 0-1

[Event "Czech League 2011/12 (2nd) (f)"]
[Site "masterchessopen.com - Czech Republic"]
[Date "2012.02.19"]
[Round "8"]
[White "Pacl Vaclav (CZE)"]
[Black "Cempel Jaroslav (CZE)"]
[Result "0-1"]
[WhiteElo "2179"]
[BlackElo "2211"]

1.Nf3 f5 2.g3 Nf6 3.Bg2 g6 4.O-O Bg7 5.c4 d6 6.d4 c6 7.Nc3 O-O 8.d5 Bd7 9.Be3
Ng4 10.Bd4 Ne5 11.c5 e6 12.dxe6 Bxe6 13.cxd6 Nxf3+ 14.Bxf3 Qxd6 15.Bxg7 Qxd1
16.Rfxd1 Kxg7 17.Rd6 Kf7 18.Rad1 Ke7 19.b4 a6 20.a4 Ra7 21.R6d4 Nd7 22.b5 axb5
23.axb5 Ne5 24.Bg2 Ra3 25.Na4 Bb3 26.Nc5 Bxd1 27.Rxd1 b6 {#R} 0-1

[Event "Extraliga 2011/12"]
[Site "masterchessopen.com - Slovakia"]
[Date "2012.03.09"]
[Round "9"]
[White "Lisko Frantisek (SVK)"]
[Black "Gazik Igor (SVK)"]
[Result "0-1"]
[WhiteElo "2299"]
[BlackElo "2328"]

1.d4 f5 2.Nf3 g6 3.g3 Bg7 4.Bg2 Nf6 5.O-O O-O 6.c4 c6 7.Nc3 d6 8.Qb3 Na6 9.Rd1
Kh8 10.Be3 Qe8 11.d5 c5 12.Nb5 h6 13.Qc2 g5 14.h4 f4 15.gxf4 gxf4 16.Bxf4 Nxd5
17.Be5 dxe5 18.Rxd5 Nb4 19.Qd2 Nxd5 20.Qxd5 Qh5 21.Nc7 Rb8 22.Qxc5 Bg4 23.Nd5
e4 24.Nh2 Bxe2 25.Qxe7 Rbe8 26.Qc5 Qxh4 27.Re1 e3 28.Rxe2 exf2+ 29.Kf1 Rxe2
30.Kxe2 Qxh2 31.Bf1 Qe5+ 32.Kd3 Rf3+ {#R} 0-1

[Event "It (cat.2)"]
[Site "masterchessopen.com - Chern (Russia)"]
[Date "2012.03.18"]
[Round "2"]
[White "Bernshteyn Michael (RUS)"]
[Black "Katkov Sergey (RUS)"]
[Result "1-0"]
[WhiteElo "2458"]
[BlackElo "1984"]

1.d4 f5 2.g3 Nf6 3.Bg2 g6 4.Nf3 Bg7 5.O-O O-O 6.c4 d6 7.Nc3 c6 8.d5 e5 9.dxe6
Bxe6 10.Qd3 Qe7 11.Rd1 Rd8 12.Bf4 d5 13.Ng5 d4 14.e3 Nh5 15.exd4 Nxf4 16.gxf4
h6 17.Nxe6 Qxe6 18.d5 Qf6 19.Qf3 a5 20.Re1 Na6 21.Rad1 Rac8 22.Re6 Qf7 23.Qe3
Re8 24.Rxe8+ Rxe8 25.Qa7 Kh7 26.dxc6 {#r} 1-0

[Event "Bundesliga (2nd) West 2011/12"]
[Site "masterchessopen.com - Germany"]
[Date "2012.03.19"]
[Round "8"]
[White "Bonnmann Reinhard (GER)"]
[Black "Reinderman Dimitri (NED)"]
[Result "0-1"]
[WhiteElo "2259"]
[BlackElo "2594"]

1.d4 f5 2.g3 Nf6 3.Bg2 g6 4.c4 Bg7 5.Nc3 O-O 6.Nf3 d6 7.O-O c6 8.d5 e5 9.dxe6
Bxe6 10.b3 Re8 11.Bb2 Na6 12.Qc2 d5 13.Rfd1 Nb4 14.Qc1 Qe7 15.a3 Na6 16.cxd5
Nxd5 17.Nd4 Nb6 18.Rb1 Bf7 19.Qc2 Rad8 20.e3 Nc7 21.Na4 Nxa4 22.bxa4 Nd5
23.Nf3 Nxe3 24.fxe3 Qxe3+ 25.Kh1 Bb3 26.Rxd8 Bxc2 27.Rxe8+ Qxe8 28.Re1 Qd8
29.Bxg7 Kf7 30.h4 Be4 31.Re3 {#R} 0-1

[Event "It (cat.2)"]
[Site "masterchessopen.com - Chern (Russia)"]
[Date "2012.03.20"]
[Round "5"]
[White "Krutov Alexander (RUS)"]
[Black "Gusev Aleksey (RUS)"]
[Result "0-1"]
[WhiteElo "2001"]
[BlackElo "2411"]

1.d4 f5 2.g3 Nf6 3.Bg2 g6 4.Nf3 Bg7 5.O-O O-O 6.c4 d6 7.Nc3 c6 8.b3 Na6 9.Bb2
Bd7 10.Re1 b5 11.cxb5 cxb5 12.Ng5 Rb8 13.d5 b4 14.Na4 Qa5 15.e4 fxe4 16.Nxe4
Bxa4 17.Nxf6+ Bxf6 18.Bxf6 exf6 19.bxa4 Nc5 20.Re7 Rbe8 21.Qe2 Qxa4 22.Re1
Rxe7 23.Qxe7 Qxa2 24.Qxd6 Nd3 25.Rf1 Qc4 26.Qd7 b3 27.Qxa7 b2 28.d6 Qb3 29.Qb7
Qxb7 30.Bxb7 Nc1 31.Be4 Rd8 32.Rd1 Ne2+ {#R} 0-1

[Event "Ch Norway (team) 2011/12"]
[Site "masterchessopen.com - Norway"]
[Date "2012.03.23"]
[Round "7"]
[White "Kjolberg Jens Hjorth (NOR)"]
[Black "Johansen Terje (NOR)"]
[Result "0-1"]
[WhiteElo "2010"]
[BlackElo "2255"]

1.c4 f5 2.Nf3 Nf6 3.g3 d6 4.d4 g6 5.Bg2 Bg7 6.O-O O-O 7.Nc3 c6 8.Qc2 Qc7 9.c5
dxc5 10.Qb3+ Kh8 11.Bf4 Qb6 12.Na4 Qxb3 13.axb3 Na6 14.dxc5 Ne4 15.Rfc1 Be6
16.Ra3 Rfd8 17.Ne1 Nd2 18.Nd3 Nxb3 19.Re1 Nd4 20.Rc3 Bb3 21.e3 Ne2+ 22.Rxe2
Bxa4 23.Re1 Bxc3 24.bxc3 Rxd3 25.Be5+ Kg8 26.Bd4 Rd1 {#R} 0-1

[Event "Tournament (qual) (1/2 final) (w)"]
[Site "masterchessopen.com - Puerto Boyaca (Colombia)"]
[Date "2012.04.26"]
[Round "1"]
[White "Matta Paola Andrea (COL)"]
[Black "Munoz Monroy Cinthya Carolin"]
[Result "1-0"]
[WhiteElo "2046"]
[BlackElo "1832"]

1.Nf3 g6 2.c4 Bg7 3.g3 f5 4.Bg2 Nf6 5.Nc3 O-O 6.O-O c6 7.d4 d6 8.d5 Qe8 9.Bf4
Nh5 10.Be3 f4 11.Bd4 fxg3 12.hxg3 Nf6 13.c5 h6 14.Qb3 Kh8 15.e4 Nbd7 16.dxc6
bxc6 17.e5 dxe5 18.Nxe5 Nxe5 19.Bxe5 Ng4 20.Bxg7+ Kxg7 21.Qa4 Qf7 22.Bxc6 Rb8
23.b3 Qf5 24.Qd4+ e5 25.Qe4 Nxf2 26.Qxf5 Nh3+ 27.Qxh3 {#r} 1-0

[Event "Bundesliga B Mitte 2011/12"]
[Site "masterchessopen.com - Austria"]
[Date "2012.04.29"]
[Round "11"]
[White "Babula Vlastimil (CZE)"]
[Black "Grunberg Mihai-Lucian (ROM)"]
[Result "1-0"]
[WhiteElo "2561"]
[BlackElo "2428"]

1.d4 f5 2.g3 Nf6 3.Bg2 c6 4.c4 g6 5.Nf3 Bg7 6.O-O O-O 7.Nc3 d6 8.d5 Bd7 9.Rb1
a5 10.Nd4 Qb6 11.Be3 Ng4 12.Nxf5 Nxe3 13.Nxe3 Na6 14.Nc2 Qc5 15.Na4 Qa7 16.e3
cxd5 17.Qxd5+ e6 18.Qxa5 Rf5 19.c5 dxc5 20.Bh3 Rh5 21.Rfd1 c4 22.Qb6 Bxa4
23.Bxe6+ Kf8 24.Rd8+ Rxd8 25.Qxd8+ {#r} 1-0

[Event "It (open)"]
[Site "masterchessopen.com - Albena (Bulgaria)"]
[Date "2012.05.26"]
[Round "1"]
[White "Enchev Ivajlo (BUL)"]
[Black "Will Matthias (GER)"]
[Result "1-0"]
[WhiteElo "2432"]
[BlackElo "2023"]

1.d4 f5 2.g3 Nf6 3.Bg2 g6 4.c4 Bg7 5.Nf3 d6 6.O-O O-O 7.Nc3 c6 8.d5 Qe8 9.Nd4
c5 10.Nc2 Na6 11.Qd3 Ng4 12.f4 Bd7 13.a4 Nc7 14.b3 a5 15.Bd2 b6 16.Rae1 Qf7
17.e4 Rae8 18.h3 fxe4 19.Nxe4 Nh6 20.g4 Kh8 21.Ng5 Qf6 22.Ne6 Bxe6 23.dxe6 Ng8
24.g5 Qf5 25.Qxf5 Rxf5 26.Ne3 Bd4 27.Kh2 Bxe3 28.Rxe3 {#r} 1-0

[Event "It (open)"]
[Site "masterchessopen.com - Montevideo (Uruguay)"]
[Date "2012.06.18"]
[Round "6"]
[White "Saralegui Mario (URU)"]
[Black "Diaz Nahuel (ARG)"]
[Result "0-1"]
[WhiteElo "2152"]
[BlackElo "2421"]

1.d4 g6 2.c4 Bg7 3.Nf3 f5 4.g3 Nf6 5.Bg2 O-O 6.O-O d6 7.Nc3 c6 8.d5 Bd7 9.Rb1
Na6 10.b4 Qe8 11.dxc6 bxc6 12.b5 cxb5 13.cxb5 Nc5 14.a4 Rc8 15.Bb2 Kh8 16.Nd4
a6 17.Ba1 Nfe4 18.Nxe4 fxe4 19.Nb3 axb5 20.Nxc5 Rxc5 21.Bxg7+ Kxg7 22.axb5
Bxb5 23.Bxe4 Re5 24.Qc2 Qd7 25.Qb2 Rf6 26.Bg2 Bxe2 27.f4 Qa7+ 28.Kh1 Bxf1 {#R}
0-1

[Event "Ch Hungary (juniors) (under 14)"]
[Site "masterchessopen.com - Balatonlelle (Hungary)"]
[Date "2012.06.29"]
[Round "8"]
[White "Marta Dominik"]
[Black "Ngo Tan Don"]
[Result "0-1"]
[WhiteElo "1947"]
[BlackElo "2179"]

1.Nf3 f5 2.d4 Nf6 3.c4 g6 4.Nc3 Bg7 5.g3 O-O 6.Bg2 d6 7.O-O c6 8.b3 Qc7 9.Bb2
e5 10.dxe5 dxe5 11.Qc2 e4 12.Nd4 Na6 13.a3 Bd7 14.b4 c5 15.Ndb5 Qc6 16.Qb3 Be6
17.Nxa7 Rxa7 18.b5 Qc8 19.bxa6 bxa6 20.Rfd1 Rb7 21.Qc2 Kh8 22.Nd5 Rxb2 23.Qxb2
Nxd5 24.Qc2 Nc3 25.Rdc1 Bxc4 26.Bf1 f4 27.Qd2 e3 28.fxe3 fxe3 29.Qe1 Qf5 30.h3
Bd5 31.a4 Qe4 {#R} 0-1

[Event "It \"]
[Site "masterchessopen.com - Berlin (Germany)"]
[Date "2012.07.09"]
[Round "3"]
[White "Bieg Pascal (GER)"]
[Black "Pawlowski Thomas (GER)"]
[Result "0-1"]
[WhiteElo "1758"]
[BlackElo "2055"]

1.d4 f5 2.g3 g6 3.Bg2 Nf6 4.Nf3 Bg7 5.O-O O-O 6.c4 d6 7.Nc3 c6 8.Rb1 a5 9.Qb3
Kh8 10.c5 Ne4 11.Be3 Nxc3 12.bxc3 dxc5 13.dxc5 e5 14.Rfd1 Qc7 15.Rd6 Nd7
16.Rbd1 Nf6 17.Nxe5 Ne8 18.Nxg6+ hxg6 19.Rxg6 Qe7 20.Bd4 Bxd4 21.Rxd4 Kh7
22.Qg8+ Rxg8 {#R} 0-1

[Event "Ch Slovakia (open)"]
[Site "masterchessopen.com - Banska Stiavnica (Slovakia)"]
[Date "2012.07.15"]
[Round "9"]
[White "Zaskalski Arkadiusz (POL)"]
[Black "Popelka Oldrich"]
[Result "1-0"]
[WhiteElo "2257"]
[BlackElo "2030"]

1.Nf3 d6 2.c4 f5 3.d4 g6 4.g3 Nf6 5.Nc3 Bg7 6.Bg2 O-O 7.O-O c6 8.Re1 Na6 9.b3
Qa5 10.Bd2 Qb6 11.Rc1 Bd7 12.a3 Rae8 13.b4 Nc7 14.c5 Qa6 15.cxd6 exd6 16.Bf4
Ne4 17.Nxe4 fxe4 18.Ng5 Ne6 19.Nxe6 Rxe6 20.Bh3 d5 21.Bxe6+ Bxe6 22.Qd2 Re8
23.Rc3 Qb6 24.Rd1 a6 25.Rc5 Bf8 26.Rc2 Bg4 27.Be5 Bf5 28.Rc3 h5 29.Qg5 Kh7
30.Qf6 {#r} 1-0

[Event "Tournament (open)"]
[Site "masterchessopen.com - Abaza (Russia)"]
[Date "2012.07.22"]
[Round "2"]
[White "Piskunov Alexandr (RUS)"]
[Black "Khlichkova Tatiana (RUS)"]
[Result "1-0"]
[WhiteElo "2316"]
[BlackElo "2137"]

1.c4 f5 2.Nc3 Nf6 3.g3 g6 4.Bg2 Bg7 5.d4 c6 6.Nf3 O-O 7.O-O d6 8.d5 e5 9.dxe6
Bxe6 10.b3 Re8 11.Ba3 d5 12.Ng5 d4 13.Bc5 Bxc4 14.Bxd4 Ba6 15.Re1 h6 16.Nf3
Qc8 17.b4 Bc4 18.Ne5 Bf7 19.e4 Nxe4 20.Nxf7 Nxc3 21.Qb3 Nd5 22.Bxd5 cxd5
23.Qxd5 Kh7 24.Bxg7 Kxg7 25.Nd6 Rxe1+ 26.Rxe1 Qf8 27.Re8 {#r} 1-0

[Event "It (open)"]
[Site "masterchessopen.com - Wasselonne (France)"]
[Date "2012.08.05"]
[Round "7"]
[White "Adrian Claude (FRA)"]
[Black "Laverdet Tristan (FRA)"]
[Result "1-0"]
[WhiteElo "2263"]
[BlackElo "1925"]

1.Nf3 f5 2.d4 Nf6 3.g3 g6 4.Bg2 Bg7 5.c4 O-O 6.O-O d6 7.Nc3 c6 8.Re1 Qe8 9.e4
fxe4 10.Nxe4 Nxe4 11.Rxe4 Bf5 12.Re1 Qf7 13.Bf4 h6 14.h4 Bg4 15.Qd2 Bxf3
16.Bxf3 g5 17.hxg5 hxg5 18.Bg4 e5 19.Bxg5 Qxc4 20.Rac1 Qxa2 21.dxe5 Bxe5 22.f4
Qxb2 23.fxe5 Qxd2 24.Bxd2 dxe5 25.Rxe5 Na6 26.Re7 Rfd8 27.Be6+ Kf8 28.Rf7+ Ke8
29.Bg5 {#r} 1-0

[Event "Ch Europe (juniors) (under 16)"]
[Site "masterchessopen.com - Prague (Czech Republic)"]
[Date "2012.08.17"]
[Round "1"]
[White "Csonka Balazs (HUN)"]
[Black "Rauramaa Julius (FIN)"]
[Result "1-0"]
[WhiteElo "2306"]
[BlackElo "1993"]

1.d4 f5 2.g3 Nf6 3.Bg2 g6 4.Nf3 Bg7 5.O-O O-O 6.c4 d6 7.Nc3 c6 8.Rb1 Qe8 9.d5
c5 10.b3 Nbd7 11.Bb2 Rb8 12.Nb5 Qd8 13.Nxa7 Qa5 14.Nxc8 Rfxc8 15.a4 Ne4
16.Bxg7 Kxg7 17.Qc1 h6 18.Rb2 Ndf6 19.Nd2 Nxd2 20.Rxd2 Qb4 21.Rd3 b5 22.cxb5
c4 23.Rc3 Ra8 24.Rxc4 Rxc4 25.bxc4 Rxa4 26.Qe3 Kf7 27.b6 Qc5 28.Qe6+ Kf8 29.b7
{#r} 1-0

[Event "Ch Brasiliense"]
[Site "masterchessopen.com - Brasilia (Brazil)"]
[Date "2012.08.18"]
[Round "2"]
[White "Saenko Gennady (RUS)"]
[Black "Ribeiro Jr Valdir Uchoa (BRA)"]
[Result "0-1"]
[WhiteElo "1819"]
[BlackElo "1928"]

1.c4 f5 2.d4 Nf6 3.Nc3 g6 4.Nf3 Bg7 5.g3 O-O 6.Bg2 d6 7.O-O c6 8.Qc2 Qc7 9.b3
Na6 10.a3 Kh8 11.Bb2 e5 12.e3 e4 13.Nd2 Qe7 14.b4 Nc7 15.a4 Be6 16.Rfc1 Qf7
17.Bf1 g5 18.b5 Rg8 19.Ba3 d5 20.bxc6 bxc6 21.c5 f4 22.exf4 gxf4 23.Ne2 Bh6
24.Bb2 Qh5 25.Qd1 f3 26.Nc3 Ng4 27.h4 Ne3 28.Qe1 Nxf1 29.Nxf1 Qxh4 30.Rd1 Qh3
31.Ne3 Bxe3 32.Qf1 Rxg3+ {#R} 0-1

[Event "Ch Europe (juniors) (under 16) (g)"]
[Site "masterchessopen.com - Prague (Czech Republic)"]
[Date "2012.08.19"]
[Round "3"]
[White "Turk Tajana (CRO)"]
[Black "Grochocinska Urszula (POL)"]
[Result "1-0"]
[WhiteElo "1923"]
[BlackElo "1818"]

1.d4 d6 2.Nf3 f5 3.g3 Nf6 4.Bg2 g6 5.O-O Bg7 6.c4 O-O 7.Nc3 c6 8.Qc2 Qe8 9.d5
e5 10.dxe6 Bxe6 11.Bf4 Ne4 12.Nxe4 fxe4 13.Ng5 d5 14.cxd5 cxd5 15.Bd6 Rf6
16.Be5 Rf5 17.Bf4 Bd7 18.Qb3 Kh8 19.Qxb7 Bc6 20.Qb3 Nd7 21.Rac1 Ne5 22.Bh3 Ba4
23.Qb7 Bc6 24.Qc7 Rc8 25.Qa5 Nc4 26.Rxc4 dxc4 27.Bxf5 gxf5 28.Qxf5 {#r} 1-0

[Event "It (open)"]
[Site "masterchessopen.com - Feffernitz (Austria)"]
[Date "2012.08.25"]
[Round "8"]
[White "Poletti Fausto (ITA)"]
[Black "Spitzl Robert (AUT)"]
[Result "1-0"]
[WhiteElo "1950"]
[BlackElo "1838"]

1.c4 f5 2.Nf3 Nf6 3.g3 d6 4.d4 g6 5.Bg2 Bg7 6.O-O O-O 7.Nc3 c6 8.Rb1 Nbd7
9.Qc2 h6 10.b4 Rb8 11.b5 c5 12.Rd1 cxd4 13.Nxd4 Nc5 14.Ba3 Qb6 15.e3 e5 16.Nb3
Be6 17.Nxc5 dxc5 18.Na4 Qa5 19.Bxc5 Rfe8 20.Bd6 Rbc8 21.c5 e4 22.Bf1 Nd5
23.Bc4 Qd8 24.Qb3 {#r} 1-0

[Event "It \"]
[Site "masterchessopen.com - Wiesbaden (Germany)"]
[Date "2012.08.26"]
[Round "6"]
[White "Wagner Dirk (GER)"]
[Black "Lanz Udo (GER)"]
[Result "1-0"]
[WhiteElo "2042"]
[BlackElo "1893"]

1.d4 f5 2.Nf3 Nf6 3.c4 g6 4.g3 Bg7 5.Bg2 O-O 6.O-O d6 7.Nc3 c6 8.d5 e5 9.Rb1
c5 10.a3 e4 11.Ng5 Qe7 12.Qc2 h6 13.Ne6 Bxe6 14.dxe6 Qxe6 15.Nb5 Ne8 16.f3
exf3 17.Bxf3 Qe7 18.Bf4 Nc6 19.Rbd1 Rd8 20.e4 Nd4 21.Nxd4 Bxd4+ 22.Rxd4 cxd4
23.Bxh6 Ng7 24.exf5 Rxf5 25.g4 Rf6 26.Bg5 Rdf8 27.Bd5+ Kh7 28.Bxf6 Rxf6
29.Rxf6 Qxf6 30.Qf2 Qe5 31.Qh4+ {#r} 1-0

[Event "Ch China (team)"]
[Site "masterchessopen.com - Hangzhou (China)"]
[Date "2012.09.24"]
[Round "13"]
[White "Xiu Deshun (CHN)"]
[Black "Mu Ke (CHN)"]
[Result "1-0"]
[WhiteElo "2521"]
[BlackElo "2290"]

1.d4 f5 2.c4 Nf6 3.Nf3 g6 4.g3 Bg7 5.Bg2 O-O 6.O-O d6 7.Nc3 c6 8.Rb1 Ne4 9.Qc2
e5 10.dxe5 Nxc3 11.bxc3 dxe5 12.Ba3 Re8 13.Rfd1 Nd7 14.e4 Qf6 15.Rd6 Re6
16.Rbd1 Bf8 17.Rxe6 Qxe6 18.Bxf8 Nxf8 19.Rd8 Qe7 20.Qd2 fxe4 21.Qg5 Qg7
22.Nxe5 b6 23.Re8 Bf5 24.Rxa8 Qxe5 25.g4 {#r} 1-0

[Event "It (open)"]
[Site "masterchessopen.com - Tatranske Zruby (Slovakia)"]
[Date "2012.09.27"]
[Round "6"]
[White "Volodin Viktor (RUS)"]
[Black "Popelka Oldrich"]
[Result "1-0"]
[WhiteElo "2202"]
[BlackElo "2023"]

1.Nf3 d6 2.d4 f5 3.g3 g6 4.Bg2 Nf6 5.O-O Bg7 6.c4 O-O 7.Nc3 c6 8.b3 Na6 9.Bb2
Bd7 10.Qc2 Nb4 11.Qb1 a5 12.a3 Na6 13.Qc2 b5 14.Nd2 Rc8 15.e4 bxc4 16.bxc4 Qb6
17.Na4 Qa7 18.e5 Ne8 19.Rfe1 c5 20.d5 Rb8 21.Bc3 Nac7 22.Nb2 e6 23.exd6 Nxd6
24.Bxg7 Kxg7 25.Nd3 Nf7 26.Qc3+ Kg8 27.Nb3 exd5 28.Nbxc5 Bc6 29.Re7 d4 30.Qxd4
Bxg2 31.Rxc7 Bb7 32.Qf6 {#r} 1-0

[Event "It (open)"]
[Site "masterchessopen.com - Stillwater (USA)"]
[Date "2012.10.06"]
[Round "3"]
[White "Nickels Erik J (USA)"]
[Black "Amburn Thomas (USA)"]
[Result "0-1"]
[WhiteElo "1819"]
[BlackElo "2140"]

1.d4 d6 2.Nf3 f5 3.g3 Nf6 4.Bg2 g6 5.O-O Bg7 6.c4 O-O 7.Nc3 c6 8.d5 c5 9.Ng5
Na6 10.Ne6 Bxe6 11.dxe6 Rb8 12.Nd5 Nc7 13.Nxc7 Qxc7 14.Re1 b5 15.Qc2 bxc4
16.Qxc4 Qa5 17.Rd1 Qb4 18.Qa6 Qb6 19.Qc4 Qb5 20.Qxb5 Rxb5 21.Rd3 a6 22.Ra3 Rb6
23.Rb1 Ne8 24.Bd5 Nc7 25.Bc4 d5 26.Bb3 c4 27.Bd1 Nb5 28.Be3 d4 29.Bg5 Nxa3
30.Bxe7 Nxb1 {#R} 0-1